000 00409nam a2200169Ia 4500
008 230524s9999 xx 000 0 und d
082 _a4.131
_bGHE
100 _aCarlo Ghezzi
245 0 _aFundamentals of Software Engineering
250 _a1ST
260 _aNEW DELHI
_bPHI
_c1999
300 _aXV;573
500 _aQuantity Number: 3
650 _aComp-Sc
700 _a Mehdi Jazayeri
942 _cBK
999 _c13883
_d13883